إستراتيجية التأويل من النصية إلى التفكيكية / (رقم التسجيلة. 34188)
[ عرض عادي ]
| 000 -الفاتح | |
|---|---|
| حقل البيانات ثابتة الطول | 00581nam a22001817a 4500 |
| 003 - محدد رقم الضبط | |
| رقم الضبط | OSt |
| 005 - وقت وتاريخ اخر تعامل مع التسجيلة | |
| رقم الضبط | 20150408114211.0 |
| 008 - عناصر البيانات ثابتة الطول - معلومات عامة | |
| حقل البيانات ثابتة الطول | 140324s 2011mr ||||g b 00| 0 ara d |
| 040 ## - مصدر الفهرسة | |
| وكالة الفهرسة الأصلية | ma-un |
| 082 ## - رقم تصنيف ديوى العشرى | |
| رقم الطبعة | 21 |
| رقم التصنيف | 402 |
| رقم المادة | ب م إ |
| 100 ## - المدخل الرئيسى - إسم شخصى | |
| الإسم الشخصى | بوعزة، محمد |
| 9 (RLIN) | 43608 |
| 245 ## - بيان العنوان | |
| العنوان | إستراتيجية التأويل من النصية إلى التفكيكية / |
| بيان المسئوليه,etc | محمد بوعزة. |
| 260 ## - PUBLICATION, DISTRIBUTION, ETC. (IMPRINT) | |
| مكان الناشر او الموزع | الرباط : |
| اسم الناشر او الموزع | دار الأمان، |
| تاريخ النشر أو التوزيع | 2011 [1432] |
| 300 ## - الوصف المادى | |
| التعداد | 95 ص. ؛ |
| أبعاد الوعاء | 22 سم. |
| 650 ## - المدخل الاضافى بالموضوع-مصطلح موضوعى | |
| مصطلح موضوعي أو اسم جغرافي كعنصر مدخل | التأويل |
| 650 ## - المدخل الاضافى بالموضوع-مصطلح موضوعى | |
| مصطلح موضوعي أو اسم جغرافي كعنصر مدخل | علم الدلالة |
| 942 ## - عناصر المدخل الإضافي( كوها) | |
| مصدر التصنيف او مخطط الترفيف | Dewey Decimal Classification |
| Koha [default] item type | كتاب |
| حالة الفقد | نموذج السعر الفعال | حالة تلف | ليس للاعارة | رقم الطلب | تاريخ الاكتساب | الموقع الحالي | الباركود | الفرع الرئيسي | Date last seen | نوع المادة فى نظام كوها | مصدر التصنيف او خطة الترفيف | Total Checkouts |
|---|---|---|---|---|---|---|---|---|---|---|---|---|
| 2014-03-24 | 402 ب م إ | 2014-03-24 | المكتبة المركزية بالمجمعة (CL) | 00129636 | المكتبة المركزية بالمجمعة (CL) | 2014-03-24 | كتاب | Dewey Decimal Classification | ||||
| 2014-03-24 | 402 ب م إ | 2014-03-24 | المكتبة المركزية بالمجمعة (CL) | 00129637 | المكتبة المركزية بالمجمعة (CL) | 2014-03-24 | كتاب | Dewey Decimal Classification | ||||
| 2014-03-24 | 402 ب م إ | 2014-03-24 | المكتبة المركزية بالمجمعة (CL) | 00129638 | المكتبة المركزية بالمجمعة (CL) | 2014-03-24 | كتاب | Dewey Decimal Classification | ||||
| 2014-03-24 | 402 ب م إ | 2014-03-24 | كلية الشريعة والقانون - طلاب | 00129662 | كلية الشريعة والقانون - طلاب | 2014-03-24 | كتاب | Dewey Decimal Classification | ||||
| 2014-03-24 | 402 ب م إ | 2014-03-24 | كلية الشريعة والقانون - طلاب | 00129663 | كلية الشريعة والقانون - طلاب | 2014-03-24 | كتاب | Dewey Decimal Classification |
